Sports Quiz

Random Sports or WWE Quiz
Score 0/259 Timer 10:00
0 Plays Today
Champion Challenger % Correct
Shawn Michaels (c) vs ________'Stone Cold' Steve Austin
99.5%
Kane (c) vs ________'Stone Cold' Steve Austin
99.5%
The Rock (c) vs ________'Stone Cold' Steve Austin
99.5%
The Rock (c) vs ________'Stone Cold' Steve Austin
99.5%
The Undertaker (c) vs ________'Stone Cold' Steve Austin
99.5%
The Undertaker (c) vs ________'Stone Cold' Steve Austin
99.5%
Triple H (c) vs ________'Stone Cold' Steve Austin
99.5%
Triple H (c) vs ________'Stone Cold' Steve Austin
99.5%
Kurt Angle (c) vs ________'Stone Cold' Steve Austin
99.5%
Kurt Angle (c) vs ________'Stone Cold' Steve Austin
99.5%
Kurt Angle (c) vs ________'Stone Cold' Steve Austin
99.5%
Kurt Angle (c) vs ________'Stone Cold' Steve Austin
99.5%
Kurt Angle (c) vs ________'Stone Cold' Steve Austin
99.5%
The Rock (c) vs ________'Stone Cold' Steve Austin
99.5%
Kurt Angle (c) vs ________'Stone Cold' Steve Austin
99.5%
Chris Jericho (c) vs ________'Stone Cold' Steve Austin
99.5%
Sycho Sid (c) vs ________Shawn Michaels
99.5%
Four Corners elimination match for vacant WWF Championship'Stone Cold' Steve Austin
99.5%
The Undertaker (c) vs ________'Stone Cold' Steve Austin
99.5%
Bret Hart (c) vs ________Shawn Michaels
99.5%
Bret Hart (c) vs ________Shawn Michaels
99.5%
Shawn Michaels (c) vs ________'Stone Cold' Steve Austin
99.5%
Diesel (c) vs ________Shawn Michaels
99.5%
Shawn Michaels (c) vs ________The Undertaker
98.9%
'Stone Cold' Steve Austin (c) vs ________Dude Love
98.9%
'Stone Cold' Steve Austin (c) vs ________Dude Love
98.9%
'Stone Cold' Steve Austin (c) vs ________Kane
98.9%
'Stone Cold' Steve Austin (c) vs ________The Undertaker
98.9%
'Stone Cold' Steve Austin (c) vs ________Kane
98.9%
'Stone Cold' Steve Austin (c) vs ________The Undertaker
98.9%
Singles match for vacant WWF ChampionshipThe Undertaker
98.9%
Singles match for vacant WWF ChampionshipKane
98.9%
Deadly Games Tournament Final for vacant WWF ChampionshipThe Rock
98.9%
Deadly Games Tournament Final for vacant WWF ChampionshipMankind
98.9%
The Rock (c) vs ________Mankind
98.9%
The Rock (c) vs ________Mankind
98.9%
Mankind (c) vs ________Kane
98.9%
Mankind (c) vs ________The Rock
98.9%
The Rock (c) vs ________Mankind
98.9%
Mankind (c) vs ________The Rock
98.9%
Mankind (c) vs ________The Rock
98.9%
'Stone Cold' Steve Austin (c) vs ________The Rock
98.9%
'Stone Cold' Steve Austin (c) vs ________The Undertaker
98.9%
'Stone Cold' Steve Austin (c) vs ________The Undertaker
98.9%
The Undertaker (c) vs ________The Rock
98.9%
'Stone Cold' Steve Austin (c) vs ________The Undertaker
98.9%
'Stone Cold' Steve Austin (c) vs ________Mankind
98.9%
Triple H (c) vs ________The Rock
98.9%
Triple H (c) vs ________Kane
98.9%
Six Pack Challenge for vacant WWF ChampionshipKane
98.9%
Six Pack Challenge for vacant WWF ChampionshipMankind
98.9%
Six Pack Challenge for vacant WWF ChampionshipThe Rock
98.9%
Triple H (c) vs ________The Rock
98.9%
Triple H (c) vs ________The Rock
98.9%
Triple H (c) vs ________Mankind
98.9%
Triple H (c) vs ________The Rock
98.9%
The Big Show (c) vs ________Kane
98.9%
The Big Show (c) vs ________The Rock
98.9%
The Big Show (c) vs ________Kane
98.9%
The Big Show (c) vs ________Mankind
98.9%
Triple H (c) vs ________Cactus Jack
98.9%
Triple H (c) vs ________Kane
98.9%
Triple H (c) vs ________Kane
98.9%
Triple H (c) vs ________Cactus Jack
98.9%
Triple H (c) vs ________The Rock
98.9%
Triple H (c) vs ________Mick Foley
98.9%
Triple H (c) vs ________The Rock
98.9%
Triple H (c) vs ________The Rock
98.9%
Triple H (c) vs ________The Rock
98.9%
Triple H (c) vs ________The Rock
98.9%
Triple H (c) vs ________Kane
98.9%
Triple H (c) vs ________The Undertaker
98.9%
The Rock (c) vs ________Kane
98.9%
The Rock (c) vs ________Kane
98.9%
The Rock (c) vs ________Kane
98.9%
The Rock (c) vs ________The Undertaker
98.9%
The Rock (c) vs ________Kane
98.9%
Kurt Angle (c) vs ________The Rock
98.9%
Kurt Angle (c) vs ________The Rock
98.9%
Kurt Angle (c) vs ________The Undertaker
98.9%
Kurt Angle (c) vs ________The Rock
98.9%
Kurt Angle (c) vs ________The Rock
98.9%
Kurt Angle (c) vs ________The Undertaker
98.9%
Kurt Angle (c) vs ________The Rock
98.9%
Kurt Angle (c) vs ________The Undertaker
98.9%
Kurt Angle (c) vs ________Kane
98.9%
Kurt Angle (c) vs ________The Rock
98.9%
Champion Challenger % Correct
Kurt Angle (c) vs ________The Rock
98.9%
'Stone Cold' Steve Austin (c) vs ________The Undertaker
98.9%
'Stone Cold' Steve Austin (c) vs ________The Rock
98.9%
'Stone Cold' Steve Austin (c) vs ________The Undertaker
98.9%
'Stone Cold' Steve Austin (c) vs ________The Undertaker
98.9%
'Stone Cold' Steve Austin (c) vs ________Kane
98.9%
'Stone Cold' Steve Austin (c) vs ________The Undertaker
98.9%
'Stone Cold' Steve Austin (c) vs ________The Undertaker
98.9%
'Stone Cold' Steve Austin (c) vs ________The Rock
98.9%
Chris Jericho (c) vs ________The Rock
98.9%
Four Corners elimination match for vacant WWF ChampionshipThe Undertaker
98.9%
Sycho Sid (c) vs ________The Undertaker
98.9%
Sycho Sid (c) vs ________Mankind
98.9%
The Undertaker (c) vs ________Mankind
98.9%
Bret Hart (c) vs ________The Undertaker
98.9%
Bret Hart (c) vs ________The Undertaker
98.9%
Bret Hart (c) vs ________The Undertaker
98.9%
Shawn Michaels (c) vs ________Mankind
98.9%
Diesel (c) vs ________Yokozuna
98.9%
Yokozuna (c) vs ________The Undertaker
98.9%
Bret Hart (c) vs ________Yokozuna
98.9%
Hulk Hogan (c) vs ________Yokozuna
98.9%
Four Corners elimination match for vacant WWF ChampionshipBret Hart
98.4%
Sycho Sid (c) vs ________Bret Hart
98.4%
The Undertaker (c) vs ________Bret Hart
98.4%
Shawn Michaels (c) vs ________Owen Hart
98.4%
Sycho Sid (c) vs ________Bret Hart
98.4%
Diesel (c) vs ________Bret Hart
98.4%
Diesel (c) vs ________Owen Hart
98.4%
Diesel (c) vs ________Bret Hart
98.4%
Yokozuna (c) vs ________Bret Hart
98.4%
Bret Hart (c) vs ________Owen Hart
98.4%
Bret Hart (c) vs ________Owen Hart
98.4%
Yokozuna (c) vs ________Hulk Hogan
98.4%
Yokozuna (c) vs ________Bret Hart
98.4%
Yokozuna (c) vs ________Bret Hart
98.4%
Bret Hart (c) vs ________Diesel
96.7%
Shawn Michaels (c) vs ________Diesel
96.7%
Bret Hart (c) vs ________Diesel
96.7%
The Rock (c) vs ________Paul Wight
96.2%
The Undertaker (c) vs ________The Big Show
96.2%
Six Pack Challenge for vacant WWF ChampionshipThe Big Show
96.2%
Triple H (c) vs ________The Big Show
96.2%
Triple H (c) vs ________The Big Show
96.2%
Chris Jericho (c) vs ________The Big Show
96.2%
'Stone Cold' Steve Austin (c) vs ________Triple H
95.7%
The Rock (c) vs ________Triple H
95.7%
The Rock (c) vs ________Triple H
95.7%
'Stone Cold' Steve Austin (c) vs ________Triple H
95.7%
The Undertaker (c) vs ________Triple H
95.7%
Mankind (c) vs ________Triple H
95.7%
Six Pack Challenge for vacant WWF ChampionshipTriple H
95.7%
Triple H (c) vs ________The Big Show
95.7%
The Big Show (c) vs ________Triple H
95.7%
The Big Show (c) vs ________Triple H
95.7%
The Rock (c) vs ________Triple H
95.7%
The Rock (c) vs ________Triple H
95.7%
The Rock (c) vs ________Triple H
95.7%
The Rock (c) vs ________Kurt Angle
95.7%
The Rock (c) vs ________Kurt Angle
95.7%
The Rock (c) vs ________Triple H
95.7%
The Rock (c) vs ________Kurt Angle
95.7%
Kurt Angle (c) vs ________Triple H
95.7%
Kurt Angle (c) vs ________Triple H
95.7%
Kurt Angle (c) vs ________Triple H
95.7%
Kurt Angle (c) vs ________Triple H
95.7%
The Rock (c) vs ________Kurt Angle
95.7%
'Stone Cold' Steve Austin (c) vs ________Kurt Angle
95.7%
'Stone Cold' Steve Austin (c) vs ________Kurt Angle
95.7%
'Stone Cold' Steve Austin (c) vs ________Kurt Angle
95.7%
'Stone Cold' Steve Austin (c) vs ________Kurt Angle
95.7%
Chris Jericho (c) vs ________Kurt Angle
95.7%
The Undertaker (c) vs ________Hunter Hearst Helmsley
95.7%
Sycho Sid (c) vs ________Hunter Hearst Helmsley
95.7%
Bret Hart (c) vs ________Sycho Sid
95.1%
Shawn Michaels (c) vs ________Sycho Sid
95.1%
Diesel (c) vs ________Sid
95.1%
Diesel (c) vs ________Sid
95.1%
The Big Show (c) vs ________Chris Jericho
94%
Triple H (c) vs ________Chris Jericho
94%
Triple H (c) vs ________Chris Jericho
94%
Kurt Angle (c) vs ________Chris Jericho
94%
Kurt Angle (c) vs ________Chris Jericho
94%
'Stone Cold' Steve Austin (c) vs ________Chris Jericho
94%
'Stone Cold' Steve Austin (c) vs ________Chris Jericho
94%
'Stone Cold' Steve Austin (c) vs ________Chris Jericho
94%
'Stone Cold' Steve Austin (c) vs ________Chris Jericho
94%
Champion Challenger % Correct
Bret Hart (c) vs ________The 1-2-3 Kid
89.7%
'Stone Cold' Steve Austin (c) vs ________Vince McMahon
88%
Triple H (c) vs ________Vince McMahon
88%
Six Pack Challenge for vacant WWF ChampionshipThe British Bulldog
88%
Triple H (c) vs ________The British Bulldog
88%
The Big Show (c) vs ________The British Bulldog
88%
Kurt Angle (c) vs ________Vince McMahon
88%
Shawn Michaels (c) vs ________The British Bulldog
88%
Shawn Michaels (c) vs ________The British Bulldog
88%
Diesel (c) vs ________The British Bulldog
88%
Diesel (c) vs ________The British Bulldog
88%
Bret Hart (c) vs ________The British Bulldog
88%
Bret Hart (c) vs ________The British Bulldog
88%
Bret Hart (c) vs ________Razor Ramon
87%
The Rock (c) vs ________X-Pac
86.4%
The Rock (c) vs ________X-Pac
86.4%
Triple H (c) vs ________Shane McMahon
86.4%
The Rock (c) vs ________Shane McMahon
86.4%
The Rock (c) vs ________X-Pac
86.4%
The Rock (c) vs ________Shane McMahon
86.4%
The Rock (c) vs ________Shane McMahon
86.4%
Kurt Angle (c) vs ________Shane McMahon
86.4%
Four Corners elimination match for vacant WWF ChampionshipVader
85.3%
The Undertaker (c) vs ________Vader
85.3%
Bret Hart (c) vs ________Vader
85.3%
Bret Hart (c) vs ________Vader
85.3%
Shawn Michaels (c) vs ________Vader
85.3%
Yokozuna (c) vs ________'Macho Man' Randy Savage
85.3%
The Rock (c) vs ________Chris Benoit
82.6%
The Rock (c) vs ________Chris Benoit
82.6%
The Rock (c) vs ________Chris Benoit
82.6%
The Rock (c) vs ________Chris Benoit
82.6%
'Stone Cold' Steve Austin (c) vs ________Chris Benoit
82.6%
'Stone Cold' Steve Austin (c) vs ________Chris Benoit
82.6%
'Stone Cold' Steve Austin (c) vs ________Chris Benoit
82.6%
Yokozuna (c) vs ________Lex Luger
82.6%
Yokozuna (c) vs ________Lex Luger
82.6%
Triple H (c) vs ________Rikishi Phatu
81%
Kurt Angle (c) vs ________Rikishi
81%
Kurt Angle (c) vs ________Rikishi
81%
Bret Hart (c) vs ________Fatu
81%
Triple H (c) vs ________Mr. Ass
80.4%
Shawn Michaels (c) vs ________Billy Gunn
80.4%
'Stone Cold' Steve Austin (c) vs ________Ken Shamrock
78.8%
Bret Hart (c) vs ________Ken Shamrock
78.8%
Shawn Michaels (c) vs ________Ken Shamrock
78.8%
The Rock (c) vs ________The Road Dogg
75%
The Rock (c) vs ________Road Dogg
75%
Shawn Michaels (c) vs ________Salvatore Sincere
75%
The Undertaker (c) vs ________Faarooq
73.9%
Bret Hart (c) vs ________Bob Backlund
73.4%
Bret Hart (c) vs ________Bob Backlund
73.4%
The Big Show (c) vs ________Viscera
72.8%
Diesel (c) vs ________King Mabel
72.8%
The Big Show (c) vs ________The Big Bossman
71.2%
The Big Show (c) vs ________The Big Bossman
71.2%
'Stone Cold' Steve Austin (c) vs ________The Artist Formerly Known As Goldust
66.3%
Shawn Michaels (c) vs ________Goldust
66.3%
'Stone Cold' Steve Austin (c) vs ________Rob Van Dam
65.8%
Chris Jericho (c) vs ________Rob Van Dam
65.8%
Kurt Angle (c) vs ________Booker T
65.2%
Triple H (c) vs ________Test
57.1%
Bret Hart (c) vs ________The Patriot
57.1%
Shawn Michaels (c) vs ________Justin Bradshaw
56.5%
Diesel (c) vs ________Jeff Jarrett
56%
'Stone Cold' Steve Austin (c) vs ________Spike Dudley
54.3%
The Big Show (c) vs ________Hardcore Holly
53.3%
Kurt Angle (c) vs ________Crash
53.3%
Kurt Angle (c) vs ________Crash
53.3%
Kurt Angle (c) vs ________Buh Buh Ray Dudley
52.7%
Shawn Michaels (c) vs ________Jerry Lawler
50%
The Big Show (c) vs ________Prince Albert
49.5%
The Rock (c) vs ________Christian
48.9%
The Rock (c) vs ________Val Venis
46.7%
Diesel (c) vs ________Bam Bam Bigelow
45.7%
The Rock (c) vs ________William Regal
45.1%
Yokozuna (c) vs ________Crush
45.1%
The Rock (c) vs ________Al Snow
43.5%
Triple H (c) vs ________Al Snow
43.5%
Triple H (c) vs ________Taka Michinoku
28.8%
'Stone Cold' Steve Austin (c) vs ________Tajiri
20.1%
Triple H (c) vs ________Gillberg
17.9%
Bret Hart (c) vs ________Buddy Landel
5.4%
Yokozuna (c) vs ________Dan Dubiel
3.3%
Yokozuna (c) vs ________Cory Student
2.7%
Come Together.
Have Fun.
All Virtual.
We all need to come together. Play Sporcle's virtual live trivia to have fun, connect with people, and get your trivia on. Join a live hosted trivia game for your favorite pub trivia experience done virtually. If a virtual private party is more your thing, go here for details.

You're not logged in!

Compare scores with friends on all Sporcle quizzes.
OR
Log In

Sporcle TV

Today on Sporcle TV


Watch our educational content, quiz creation guides, and fun videos on Sporcle TV.

Show Comments

Extras

Top Quizzes Today


Score Distribution

Paid Content

Your Account Isn't Verified!

In order to create a playlist on Sporcle, you need to verify the email address you used during registration. Go to your Sporcle Settings to finish the process.

Report this User

Report this user for behavior that violates our Community Guidelines.

Details: